00546 2200217 4500001002100000005001500021035002000036245006100056100002700117250000700144300003000151260003600181082001200217084001800229020001800247600002700265990000900292990000900301990000900310990000900319INLIS00000000000004620251020093532 a0010-10250000321 aPedoman budidaya Beternak Itik /cTim Karya Tani Mandiri0 aTim Karya Tani Mandiri a1. avi + 130 hlm. ;c19,5 cm. aBandung :bNuansa Aulia,c2009. a636.597 a636.597 TIM p a9789790710504 4aTim Karya Tani Mandiri a1622 a1623 a1624 a1625